[Event "Plzen, JF A"]
[Site "?"]
[Date "1999.??.??"]
[Round "9.11"]
[White "Herskovic, R."]
[Black "Houska, J."]
[Result "1-0"]
[WhiteElo "1944"]
[BlackElo "1805"]
[PlyCount "95"]
[EventDate "1999.??.??"]
[Source "ChessBase"]
[SourceDate "1996.11.15"]

1. e4 e6 2. d4 d5 3. Nc3 Bb4 4. e5 Qd7 5. Qg4 f5 6. Qg3 b6 7. Nf3 Ba6 8. Bxa6
Nxa6 9. O-O Bxc3 10. bxc3 O-O-O 11. a4 h6 12. a5 b5 13. Nd2 g5 14. Ba3 Ne7 15.
Bxe7 Qxe7 16. Rab1 c6 17. Qd3 Nc7 18. Nb3 Na6 19. Qe2 Kb8 20. Nc1 Ka8 21. Nd3
h5 22. Qd2 h4 23. f3 Rhg8 24. Rb3 g4 25. Qh6 gxf3 26. Rxf3 Qg5 27. Qxg5 Rxg5
28. Rb1 Rdg8 29. Rf2 Kb7 30. Re1 Kc7 31. Re3 Kd7 32. Kf1 c5 33. Rh3 Rg4 34.
dxc5 Rc8 35. Rf4 Nxc5 36. Rxg4 fxg4 37. Rxh4 Nxd3 38. Rh7+ Kc6 39. cxd3 g3 40.
hxg3 Rg8 41. Kf2 Rg5 42. d4 b4 43. cxb4 Kb5 44. Rxa7 Kxb4 45. a6 Kc4 46. Rb7
Rg8 47. a7 Ra8 48. Ke3 1-0

[Event "Plzen, JF A"]
[Site "?"]
[Date "1999.??.??"]
[Round "9.12"]
[White "Pribyl, J."]
[Black "Rerabkova, L."]
[Result "1-0"]
[WhiteElo "1914"]
[BlackElo "1791"]
[PlyCount "37"]
[EventDate "1999.??.??"]
[Source "ChessBase"]
[SourceDate "1996.11.15"]

1. e4 e5 2. Nf3 Nc6 3. Bb5 f5 4. Bxc6 dxc6 5. Qe2 fxe4 6. Qxe4 Bd6 7. d4 Nf6 8.
Qe2 e4 9. Ne5 Qe7 10. Bf4 Bf5 11. Nd2 O-O-O 12. O-O-O c5 13. c3 cxd4 14. cxd4
c5 15. Ndc4 cxd4 16. Nxd6+ Rxd6 17. Qc2+ Kb8 18. Nc4 Ne8 19. Rxd4 1-0

[Event "Plzen, JF A"]
[Site "?"]
[Date "1999.??.??"]
[Round "9.13"]
[White "Sedlacek, J."]
[Black "Hampek, M."]
[Result "0-1"]
[WhiteElo "1687"]
[BlackElo "1820"]
[PlyCount "90"]
[EventDate "1999.??.??"]
[Source "ChessBase"]
[SourceDate "1996.11.15"]

1. c4 f5 2. Nf3 Nf6 3. Nc3 g6 4. g3 Bg7 5. Bg2 O-O 6. O-O d6 7. d4 e6 8. Bd2 a6
9. Qc2 Nbd7 10. e4 Rb8 11. h3 Kh8 12. e5 dxe5 13. dxe5 Ng8 14. Rfe1 Qe8 15. Na4
Ne7 16. Bb4 b6 17. c5 b5 18. c6 bxa4 19. cxd7 Bxd7 20. a3 Rg8 21. Qxc7 Nd5 22.
Qc4 Nxb4 23. axb4 Bf8 24. Red1 Rxb4 25. Qc7 Rg7 26. Qa5 Rxb2 27. Qxa6 a3 28.
Qd3 Bb5 29. Qd8 Rd7 30. Rxd7 Bxd7 31. Qh4 Bc5 32. Nd4 Rb4 33. Qf6+ Kg8 34. Nxf5
gxf5 35. Qg5+ Qg6 36. Qd8+ Be8 37. Rxa3 Rb1+ 38. Kh2 Bxa3 39. Bc6 Kf8 40. Bxe8
Qxe8 41. Qd3 Ra1 42. Qc3 Ra2 43. Qc4 Rb2 44. Qc3 Qe7 45. Qc8+ Kg7 0-1